13 Colonies Picture Click Quiz Stats

 Plays Quiz Updated Jan 25, 2016

Also try: US States
Challenge
Share
Tweet
Score 0/13 Timer 01:30
6 Plays Today
% Correct
???
84.8%
???
83.9%
???
81.9%
???
81.4%
???
79.6%
???
79%
???
78.5%
???
77.5%
???
74.6%
???
73.3%
???
72.8%
???
65.7%
???
61.4%

You're not logged in!

Compare scores with friends on all Sporcle quizzes.
Join for Free
OR
Log In

You Might Also Like...

Show Comments

Extras

Top Quizzes Today


Score Distribution

Your Account Isn't Verified!

In order to create a playlist on Sporcle, you need to verify the email address you used during registration. Go to your Sporcle Settings to finish the process.

Report this User

Report this user for behavior that violates our Community Guidelines.

Details: